The lowland (Record no. 9482)

MARC details
000 -LEADER
fixed length control field 00489cam a2200205ua 4500
008 - FIXED-LENGTH DATA ELEMENTS--GENERAL INFORMATION
fixed length control field 190311n ii |||gr||||Z||||||asm
020 ## - INTERNATIONAL STANDARD BOOK NUMBER
International Standard Book Number 9788186385210
040 ## - CATALOGING SOURCE
Transcribing agency MAIN
041 ## - LANGUAGE CODE
-- asm
082 ## - DEWEY DECIMAL CLASSIFICATION NUMBER
Classification number 891.4513
100 ## - MAIN ENTRY--PERSONAL NAME
Personal name Jhumpa Lahiri,
Relator term
245 ## - TITLE STATEMENT
Title The lowland
250 ## - EDITION STATEMENT
Edition statement 2nd ed.
260 ## - PUBLICATION, DISTRIBUTION, ETC.
Place of publication, distribution, etc. Guwahati:
Name of publisher, distributor, etc. Assam publishing company,
Date of publication, distribution, etc. 2016.
300 ## - PHYSICAL DESCRIPTION
Extent 396p.
700 ## - ADDED ENTRY--PERSONAL NAME
Personal name Laskar, Indrani,
Relator term
942 ## - ADDED ENTRY ELEMENTS (KOHA)
Koha item type Books
653 ## - INDEX TERM--UNCONTROLLED
Uncontrolled term English novel
Holdings
Withdrawn status Lost status Damaged status Not for loan Home library Current library Shelving location Date acquired Total Checkouts Full call number Barcode Date last seen Copy number Price effective from Koha item type Date last checked out
        Naharkatiya College Library Naharkatiya College Library General Stacks 19/09/2020   891.4513Assamese novel | LAH 24388 19/09/2020 1 19/09/2020 Books  
        Naharkatiya College Library Naharkatiya College Library General Stacks 19/09/2020 1 891.4513Assamese novel | LAH 24389 07/05/2022 2 19/09/2020 Books 29/04/2022

Naharkatiya College © 2020. All rights reserved.

Powered By